|
|
|
|
| LEADER |
00700cam a2200217 7i4500 |
| 001 |
0000014158 |
| 005 |
20170731090000.0 |
| 008 |
070410 eng |
| 020 |
|
|
|a 978082205353
|
| 020 |
|
|
|a 0822005352 (pbk.)
|
| 090 |
0 |
0 |
|a PZ3
|b .H86 1974
|
| 100 |
1 |
|
|a Huntley, Stephen Veo
|
| 245 |
1 |
4 |
|a The good earth
|c by Stephen Veo Huntley.
|
| 260 |
|
|
|a New York:
|b Wiley Pub., Inc.,
|c 1974.
|
| 300 |
|
|
|a 59 p.;
|c 21 cm.
|
| 504 |
|
|
|a Includes bibliographical references
|
| 650 |
0 |
0 |
|a Farmers spouses
|
| 650 |
0 |
0 |
|a Married women
|
| 651 |
|
0 |
|a China
|
| 997 |
|
|
|a Education & Social Sciences, Faculty
|b Social Sciences, Department
|
| 999 |
|
|
|a 0000017878
|b BOK
|c OPEN SHELF
|e 1st Floor, Bestari Jaya
|